00328 2200145 4500245003100000020001800031250001100049100001800060650001700078005001900095041001400114084001300128300003200141336000900173 a1 + 1cNao, FujisakihText a979-30-4422-5 aCet. 1 aNao, Fujisaki aKomik Jepang a20230202090159 aIndonesia a741.5592 a... jil. :bilus. ;c17 cm. atext